| 000 | 00783nam a2200253 i 4500 | ||
|---|---|---|---|
| 999 |
_c7482 _d7482 |
||
| 001 | 7482 | ||
| 003 | BD-JhCC | ||
| 005 | 20180210191042.0 | ||
| 008 | 761005s1976 enkabc b 001 0 eng | ||
| 020 |
_a0283982403 : _c£6.50 |
||
| 035 | _a(BD-JhCC)7482 | ||
| 040 |
_aDLC _cDLC _dDLC _dBD-JhCC |
||
| 041 | _aeng | ||
| 050 | 0 | 0 |
_aD766.82 _b.T85 1976b |
| 082 | 0 | 0 |
_a940.54/23 _bTUT 1976 |
| 100 | 1 | _aTute, Warren. | |
| 245 | 1 | 4 |
_aThe North African war / _c[by] Warren Tute ; foreword by Manfred Rommel. |
| 260 |
_aLondon : _bSidgwick and Jackson, _c1976. |
||
| 300 |
_a223 p. : _bill. (some col.), maps, ports. ; _c26 cm. |
||
| 504 | _aIncludes bibliographical references and index. | ||
| 650 | 0 |
_aWorld War, 1939-1945 _xCampaigns _zAfrica, North. |
|
| 942 |
_2ddc _cBK |
||